000 00454nam a22001577a 4500
999 _c824
_d824
008 191223b ||||| |||| 00| 0 eng d
082 0 0 _a510.2462
_bB1861
100 _9360
_aBali, N. P.
245 1 0 _aTextbook of engineering mathematics /
_cby N. P. Bali and Manish Goyal
250 _a8th ed.
260 _aNew Delhi:
_bLaxmi Publications,
_c2011.
300 _a1530 p.
650 0 _aEngineering Mathematics
700 _95099
_aGoyal, Manish
942 _cBK